000 00815nmm a2200265 a 4500
001 ocm000655929
003 TR-IsHL
005 20201028142438.0
008 140104s1996 tu tur
007 cr cn
020 _a9789755201368
035 _a655929
_b(N$T)
050 0 4 _aPN83
_b.Ö93 1996
090 0 4 _aPN83
_b.Ö93 1996
100 1 _aÖzbek, Yılmaz
245 1 0 _aOkumak, anlamak, yorumlamak
_h[electronic resource] /
_cYılmaz Özbek
260 _aAnkara :
_bGündogan Yayınları,
_c1996
300 _a120 p.
650 4 _aDil ve Edebiyat
650 4 _aLanguage and Literature
650 0 _aRetorik
650 0 _aRhetoric
650 7 _aLANGUAGE ARTS & DISCIPLINES / Rhetoric
_2bisacsh
856 4 0 _uhttp://search.ebscohost.com/login.aspx?direct=true&scope=site&db=e011xww&AN=655929
999 _c8356
_d8356